000 00540nam a22001937a 4500
003 KOHA_MİRAKIL
005 20251224164318.0
008 251224b tu ||||| |||| 00| 0 tur d
020 _a9789751417169
040 _aTR-AnABB
_btur
_cTR-AnABB
041 _atur
082 _a709.0344
_bPOW 2016
100 1 _aPowell, Jones, Mark,
245 1 0 _aEmpresyonizm (izlenimcilik) /
_cMark Powell-Jones
260 _aİstanbul :
_bRemzi Kitapevi,
_c2016
300 _a126 sayfa ;
_c27 cm
650 0 4 _aResim sanatı
942 _2ddc
_cBK
999 _c9971
_d9971
900 _bGizem YORULMAZ